000
00527nam a2200169Ia 4500
008
090711s9999 xx 000 0 und d
082
_b
26219
100
_a
कानिटकर माधव
245
_a
बीज ज्ञानेश्वरी
260
_c
1972
300
_a
187
600
_a
कानिटकर माधव
630
_a
बीज ज्ञानेश्वरी
700
_a
कानिटकर माधव
730
_a
बीज ज्ञानेश्वरी
942
_c
BOOK
999
_c
289616
_d
289616